| 000 | 00948nam a2200277Ia 4500 | ||
|---|---|---|---|
| 001 | Para_6159 | ||
| 003 | CHAP | ||
| 008 | 220125s1980 xx 000 0 und d | ||
| 010 | _a204939 | ||
| 040 | _cCHAP | ||
| 090 | _aPA FOLLETO 286 | ||
| 100 |
_aCárdenas Valdovinos, Manuel J. _9170882 |
||
| 245 |
_aEl cultivo del chile en Aguascalientes / _c por J. Manuel Cárdenas Valdovinos |
||
| 260 |
_aPabellón, Ags. : _b INIA. Centro de Investigaciones Agrícolas del Norte-Centro |
||
| 300 | _a20 p. | ||
| 440 |
_aFolleto técnico CAEPAB; 2 _9170883 |
||
| 650 |
_aChile (botánica) _x Aguascalientes _922342 |
||
| 710 |
_aInstituto Nacional de Investigaciones Agrícolas (México) Centro de Investigaciones Agrícolas del Norte _xCentro _9165149 |
||
| 901 | _aPA FOLLETO 286 | ||
| 902 | _aA | ||
| 905 | _a0000001980 i 0000000000 00 | ||
| 910 | _a1980 | ||
| 942 | _cPARA | ||
| 942 |
_cPARA _d1 |
||
| 999 |
_c204939 _d204939 |
||